000 00525nam a22001697a 4500
005 20171110111853.0
008 171110b xxu||||| |||| 00| 0 eng d
020 _a9789332582798
040 _cPK-LaUMT
082 _a621.076
_bTRI-G
110 _aTrishna Knowledge Systems
245 _aGATE (graduate aptitude test in engineering) [2018] :
_bmechanical engineering /
_cTrishna Knowledge Systems
260 _aTamil Nadu :
_bPearson,
_c2017
300 _avar
_eCD
650 _aGATE-2018-Mechanical engineering
942 _cBK
999 _c99937
_d99937